| 000 | 005790000a22002290004500 | ||
|---|---|---|---|
| 003 | LK-CoMWRAF | ||
| 005 | 20231004102815.0 | ||
| 008 | 230817t2002 ||||| |||| 00| 0 eng d | ||
| 020 | _a8176492787 | ||
| 040 |
_aLK-CoMWRAF _dLK-CoMWRAF _eLK-CoMWRAF |
||
| 041 | _aeng | ||
| 082 |
_a335.43 _bSAK |
||
| 100 | _aSakwa, Richard | ||
| 245 | _aPostcommunism | ||
| 260 |
_aNew Delhi: _bViva books, _c2002 |
||
| 300 | _a vi, 153 p. ; 22 cm. | ||
| 490 | _aConcepts in the Social Sciences | ||
| 650 | _aCOMMUNISM | ||
| 650 | _aPOST-COMMUNISM | ||
| 650 | _aCapitalism | ||
| 942 | _cBK | ||
| 999 |
_c1103 _d1103 |
||